000 00671nam a2200229Ia 4500
003 OSt
005 20221007080630.0
006 a|||||r|||| 00| 0
007 ta
008 221006b |||||||| |||| 00| 0 eng d
024 _a16,811
037 _cTextual
040 _aFLL
_cFLL
_beng
041 _2eng
_aeng
082 _aY1:45:61:Z73, L4
100 _aGardner Thomas J. Au.
_9695112
245 0 _aPrinciples and cases of the law of arrest, search, and seizure
260 _aNew Jersey
_b Prentice Hall U.S.A.
_c1974
300 _axiii,513p
_ccm.
942 _hY1:45:61:Z73, L4
_cTEXL
_2CC
999 _c1160364
_d1160364